00393nam a2200133 a 4500001000500000005001700005008004100022020001800063050001800081100002300099245007200122260004700194300001800241364020140414131905.0060921s19uu xx 00 eng d a0-553-15844-9 aFICbSt4 1991 aStewart, Molly Mia aSweetvalley kids #15 :bfearless Elizabeth /cby Molly Mia Stewart. aNew York :bA Bantam Skylark book,cc1991. a73 p. ; cm.